| 000 | 01020nam0a22002891 4500 | ||
|---|---|---|---|
| 001 | RU\NLR\A1SV\68596 | ||
| 005 | 20251203171251.9 | ||
| 035 | _a(NLR Aleph) 009750186 | ||
| 090 |
_a9977679 _c9977679 |
||
| 100 | _a20060313d1926 u y0rusy50 ca | ||
| 101 | 0 | _arus | |
| 102 | _aRU | ||
| 200 | 1 |
_aКуда жаловаться на непорядки _e[О Рабоче-крестьянской инспекции] _fИ.П. |
|
| 210 |
_aМ. _aЛ. _cМоск. рабочий _d1926 |
||
| 215 |
_a18, [1] с. _d17 см |
||
| 300 | _aНапеч. в Москве | ||
| 451 | 1 |
_1001RU\NLR\A1SV\68597 _99977682 _cМ. _d1926 _fИ.П. _nМоск. рабочий _o[О Рабоче-крестьянской инспекции] _p16, [1] с. _tКуда жаловаться на непорядки |
|
| 620 | _dМосква | ||
| 620 | _dСанкт-Петербург | ||
| 701 | 0 | _aИ.П. | |
| 801 | 0 |
_aRU _bNLR _c20060313 |
|
| 899 |
_aРНБ _j36/632 |
||
| 899 | _aРГБ | ||
| 942 | _cBOOK | ||
| 980 | _aNB | ||
| 980 | _aA1SV | ||